000 02991nam a2200457 c 4500
003 BLK
005 20240510092035.0
008 180408b bul|||||r ||||||| ||bul||
010 _aKNG00088269000
020 _a954-91532-8-6
_bиздат.: Център за психосоциална подкрепа
040 _aBLK
041 _aBUL
_cBUL
080 _aПсихология на юношите
_b159.922.8
_x(08)
_z159.922.8(08)
080 _aВъзпитаване на лица, трудни за възпитаване - Възпитание на ранно развити деца, на високо надарени, разглезени, принудително възпитания на младежи, подлежащи на наказание. Вж и 343.81;343.8
_b376.5
_x.015.3(08)
_z376.5.015.3(08)
080 _aПсихоанализата като лечебно средство
_b615.851.13
_x-053.6(08)
_z615.851.13-053.6(08)
700 1 _aЦиркова, Диана Андонова
_eподб. и ред.
_9140106
700 1 _aНедялкова, Ваня
_eпрев.
_9301089
139 _aАнтисоциалното поведение - теория и терапия
_bА 74
245 1 0 _aАнтисоциалното поведение - теория и терапия
_bСб.
_cподб. и ред. Диана Андонова Циркова; прев. Ваня Недялкова.
257 _aBGR
260 София
_bЦентър за психосоциална подкрепа
_c2008
_fСофия : Ракурс
300 _a216 с.
_c21 см
380 _a1
490 1 _aСерия Практики
500 _aДруги прев. : Р. Дочева, Зл. Теохаров, М. Маленов. - Съдържа и За терапевтичните консултации на Уиникът / Мален Маленов ; За книгата на Патрик Деларош Трябва ли да се отстъпва пред юношите / Розалина Дочева ; За Алфред Шьопф / Златко Теохаров. - Кн. се издава по Програма ФАР Развитие на гражданското общество, Проект BG 2004/016.711.01.01.lot-2-041. - Офс. изд.
650 4 _aДевиантно поведение
_9284247
650 4 _aПравонарушители, малолетни
_9271631
650 4 _aЮноши - психология
_9263551
650 4 _aПсихоанализа
_9168303
653 _aасоциално поведение
653 _aдевиантно поведение
653 _aмалолетни
653 _aкриминални престъпници
653 _aдетска престъпност
852 _aЦб 243169
856 4 _qpdf
_u
856 4 _qpdf
_u
942 _cKNG
_n0
_01
944 _aCR
_c12.03.2009
_lХристина Везирева
_k30535
944 _aED
_c20.12.2012
_lф /
_k
999 _c83704
_d83704